000
00286nam a22001337a 4500
008
170306b xxu||||| |||| 00| 0 eng d
020
_a
9780077559939
041
_a
eng
080
_a
611
100
_a
6
101
_a
SHM
245
_a
BIOL.2401 ANATOMY
_c
SALADIN.K.S
942
_2
udc
_c
BK
999
_c
6858
_d
6858